000 00746cas a22002175a 4500
001 ##L98928
008 070608c1954 xxkqr p 0 a0eng d
022 0 _a0003-7877
035 _a(Sirsi) u98928
041 0 _aeng
110 2 _aChartered Institute of Arbitrators
_91994
240 0 4 _aThe Journal of the Chartered Institute of Arbitrators
245 0 0 _aArbitration
_bthe Journal of the Chartered Institute of Arbitrators
260 3 _aLondon
_bChartered Institute of Arbitrators
_c1954-
520 _aKept for five years
554 _aFour per year
651 4 _aUnited Kingdom
_y
690 _aMANAGEMENT-DISPUTE AVOIDANCE, MANAGEMENT AND RESOLUTION-DISPUTE MANAGEMENT AND RESOLUTION-ARBITRATION
942 _n0
948 _c04/02/1994
999 _c118586
_d118586